Zložité problémy i situácia Začalo sa zasadanie poľského Sejmu

Bibliographic Details
Format: Article
Language:Slovak
Subjects:

MARC

LEADER 00000nab a2200000 a 4500
001 vtls000092961
003 SK-MaSNL
005 20260303022256.0
008 150501c1981 xo 0 slo
015 |a SNBRB19rr/mm-uuuuu 
035 |a CL0103064 
040 |a SNKBUCL  |b slo  |c SNKBUCL  |e AACR2 
041 0 |a slo 
044 |a xo  |c SK 
080 |a 328  |2 1981 
245 0 0 |a Zložité problémy i situácia  |b Začalo sa zasadanie poľského Sejmu 
650 0 7 |a Sejm PĽR  |2 snkbucl  |9 926112 
655 7 |a články z novín a časopisov  |2 snkbucl  |9 267496 
773 0 |t Smena  |g Roč. 34, č. 179 (31. 7. 1981), s. 2 
850 |a Slovenská národná knižnica v Martine  |a MTA001 
852 |a SNK  |b KIS3GCP 
958 |a RK 
958 |a PL 
992 |a RBX 
999 |c 1627821  |d 1629751